| Tag |
First Indicator |
Second Indicator |
Subfields |
| LEADER |
00000cam a2200000 4500 |
| 001 |
in00000052759 |
| 005 |
20151007074125.0 |
| 008 |
721012s1966 enka b 00010 eng u |
| 010 |
|
|
|a 65026889
|
| 035 |
|
|
|a (OCoLC)00427125
|
| 035 |
|
|
|9 AAF0982AM
|
| 040 |
|
|
|c FIN
|d TXA
|d UtOrBLW
|
| 049 |
|
|
|a TXAM
|c 1 [425461]
|
| 050 |
|
0 |
|a QD501
|b .T84 1966
|
| 092 |
|
|
|a 541.345
|b T858c, 1966
|
| 100 |
1 |
|
|a Trotman-Dickenson, A. F.
|
| 245 |
1 |
0 |
|a Chemical kinetics /
|c by A. F. Trotman-Dickenson.
|a Surface and colloid chemistry,
|c by G. D. Parfitt.
|
| 250 |
|
|
|a [1st ed.].
|
| 264 |
|
1 |
|a Oxford,
|a New York :
|b Pergamon Press,
|c [1966]
|
| 300 |
|
|
|a x, 170 pages :
|b illustrations ;
|c 20 cm.
|
| 336 |
|
|
|a text
|b txt
|2 rdacontent
|
| 337 |
|
|
|a unmediated
|b n
|2 rdamedia
|
| 338 |
|
|
|a volume
|b nc
|2 rdacarrier
|
| 490 |
1 |
|
|a The Commonwealth and international library. Intermediate chemistry division, 2294
|
| 504 |
|
|
|a Bibliography: page 164.
|
| 650 |
|
0 |
|a Chemical kinetics.
|
| 650 |
|
0 |
|a Surface chemistry.
|
| 650 |
|
0 |
|a Colloids.
|
| 700 |
1 |
|
|a Parfitt, G. D.
|t Surface and colloid chemistry.
|
| 740 |
0 |
|
|a Surface and colloid chemistry.
|
| 830 |
|
0 |
|a Commonwealth and international library.
|
| 999 |
|
|
|a MARS
|
| 999 |
f |
f |
|s 04f068ca-9dc7-37d1-be40-d2fe680a6413
|i 27e64a33-9f35-34ad-a154-ff35ca34700b
|t 0
|
| 952 |
f |
f |
|p normal
|a Texas A&M University
|b College Station
|c Sterling C. Evans Library
|d Evans: Library Stacks
|t 0
|e QD501 .T84 1966
|h Library of Congress classification
|i unmediated -- volume
|m A14800936185
|
| 998 |
f |
f |
|a QD501 .T84 1966
|t 0
|l Evans: Library Stacks
|